000
00310 a2200157 4500
001
174084
020
_a
040
_c
Magnum
100
_a
Gotlib, Nadia Battella
240
1
0
_a
Teoria do conto
_l
por
245
1
0
_a
Teoria do conto
362
0
_a
1899
440
1
_a
Ática
697
_a
GERAL
942
_c
BK
999
_c
174084
_d
174084